00257nam a22000977a 4500040000800000082001600008100003000024245005900054260002900113300001700142 cDLC a297.09bJIB aPori, Allama Aslam Jibraj aTarikh e Al-Ummat (Mukammal)cAllama Aslam Jibraj Pori a?bDost Associatesc1996 a684p.;bill.